Statistiques concernant Quiz WWE

Cliquez ici pour prendre le quiz!

Statistiques générales

  • Ce quiz a été pris 1 885 fois
  • Le résultat moyen est 7 sur 12

Statistiques - réponses

QuestionRéponse% Correct
Qui incarnait The Fiend ?
90%
Quels catcheurs composent la legacy ?
89%
Qui s'est classé premier du classement PWI 500 en 2022 ?
85%
Quelle équipe détient le plus long règne de champion tag-team de Smackdown ?
71%
Avec qui Omos fait-il alliance dès son arrivée dans le roster principal ?
70%
Quel rookie a remporté la première saison de NXT ?
62%
Quelle femme a remporté le premier Rumble féminin ?
58%
Quelle est la première championne NXT ?
54%
Quel catcheur a été le plus de fois champion du monde à la WWE ?
52%
Qui détient le plus long règne de champion des Etats-Unis ?
37%
Qui est le dernier champion de la ECW ?
29%
Quel est le dernier catcheur a avoir été champion cruiserweight ?
29%

Distribution des résultats

Percentile par nombre de réponses

% des personnes avec chaque résultat

Votre développement - résultats

Vous n’avez pas pris ce quiz